Mitgliedstaaten des Friedensrats von Trump - Statistiken

Allgemein
  • Dieses Quiz wurde 14 mal gespielt
  • Das Durchschnittsergebnis liegt bei 16 aus 28
Antwortstatistiken
Kontinent Land % Korrekt
Europa Ungarn
93%
Südamerika Argentinien
86%
Asien Türkei
86%
Afrika Ägypten
71%
Asien Israel
71%
Asien Saudi-Arabien
71%
Nordamerika Vereinigte Staaten
71%
Asien Indonesien
64%
Afrika Marokko
64%
Asien Pakistan
64%
Europa Albanien
57%
Asien Bahrain
57%
Europa Belarus
57%
Asien Katar
57%
Südamerika Paraguay
57%
Asien Vereinigte Arabische Emirate
57%
Asien Aserbaidschan
50%
Europa Bulgarien
50%
Asien Jordanien
50%
Asien Kasachstan
50%
Asien Usbekistan
50%
Asien Armenien
43%
Nordamerika El Salvador
43%
Asien Kuwait
43%
Asien Mongolei
43%
Asien Kambodscha
36%
Europa Kosovo
36%
Asien Vietnam
36%
Keine übereinstimmenden Quizze gefunden
Verteilung der Resultate
Anzahl Personen mit jedem Resultat
Perzentil nach korrekt beantworteten Fragen
Ihre Resultats-Entwicklung
Sie haben dieses Quiz noch nicht gespielt